000 00725nas a2200253 4500
001 BR0704322
003 BR-BrBNA
005 20231205111114.0
007 ta
008 230509b bl.|||p| |||| 00| 00por d
040 _aBR-BrBNA
_bpor
_cBiblioteca Nacional de Agricultura
041 _a(En)
072 _aS01
100 1 _aValduga, E.
100 1 _aSfredo, M.A.
100 1 _aDi Luccio, M.
245 1 _aAssessment of flow and technological behavior of french bread premixes
650 _aPÃO
650 _aMISTURA
650 _aVISCOSIDADE
773 0 _tAlimentos e Nutrição (Brazil)
_xISSN 0103-4235
_g(2004), v. 15(1) p. 1-6
_wBR0704322
909 _a202311
_bLúcia
_c55
_dLúcia Elande
942 _2AGRIS
_n0
_cANA
999 _c190687
_d190687